|
|
|
|
| LEADER |
00000nab a2200000 a 4500 |
| 001 |
vtls000865121 |
| 003 |
SK-MaSNL |
| 005 |
20260304205401.0 |
| 008 |
250429c2003 xo 0 slo |
| 015 |
|
|
|a SNBRB2004/03-07550
|
| 035 |
|
|
|a CLN000216673
|
| 035 |
|
|
|a urn:nbn:sk:snk-ab29u8
|
| 035 |
|
|
|a (urnnbn)urn:nbn:sk:snk:ar-a0200s
|
| 035 |
|
|
|a (uuid)09b4057a-c4d1-4e01-be56-298a92fcc78f
|
| 040 |
|
|
|a SNKBUCL
|b slo
|c SNKBUCL
|e AACR2
|
| 041 |
0 |
|
|a slo
|
| 044 |
|
|
|a xo
|c SK
|
| 080 |
|
|
|a 347.963(437.6)
|2 1997
|
| 080 |
|
|
|a 340.13
|2 1997
|
| 100 |
1 |
|
|a Martincová, Monika
|4 aut
|9 1419292
|
| 245 |
1 |
0 |
|a Správa zo seminára Prokuratúra v demokratickom a právnom štáte
|c Monika Martincová
|
| 504 |
|
|
|a Res. angl.
|
| 504 |
|
|
|a Bibliogr. odkazy
|
| 650 |
0 |
7 |
|a prokuratúra
|2 SNKPH
|9 28811
|
| 650 |
0 |
7 |
|a semináre
|2 SNKPH
|9 18562
|
| 655 |
|
7 |
|a články z novín a časopisov
|2 snkbucl
|9 267496
|
| 773 |
0 |
|
|t Právny obzor
|g Roč. 86, č. 5 (2003), s. 531-534
|x 0032-6984
|
| 850 |
|
|
|a Slovenská národná knižnica
|
| 852 |
|
|
|a Slovenská národná knižnica
|
| 954 |
|
|
|a odborná, vedecká literatúra pôvodná (slovenská)
|2 lita
|
| 958 |
|
|
|a article27
|
| 958 |
|
|
|a NB
|
| 958 |
|
|
|a OND
|
| 958 |
|
|
|a EUIPO
|
| 992 |
|
|
|a RBX
|
| 999 |
|
|
|c 3120592
|d 3122522
|